LEADER 01300nam a22003855i 4500 001 991002256909707536 007 cr nn 008mamaa 008 141020s2009 de | s |||| 0|eng d 020 $a9783540850311 035 $ab14145637-39ule_inst 040 $aBibl. Dip.le Aggr. Matematica e Fisica - Sez. Matematica$beng 082 04$a515.7$223 084 $aAMS 46B03 084 $aAMS 46B20 084 $aAMS 46B26 084 $aAMS 46T20 084 $aAMS 54D20 084 $aAMS 54E18 084 $aAMS 54E25 084 $aAMS 54E35 245 00$aA nonlinear transfer technique for renorming$h[e-book] /$cedited by Moltó ... [et al.] 260 $aBerlin :$bSpringer,$c2009 300 $a1 online resource (xi, 148 p.) 440 0$aLecture Notes in Mathematics,$x0075-8434 ;$v1951 650 0$aMathematics 650 0$aFunctional analysis 650 0$aGlobal differential geometry 700 1 $aMoltó, Aníbal 773 0 $aSpringer eBooks 856 40$uhttp://dx.doi.org/10.1007/978-3-540-85031-1$zAn electronic book accessible through the World Wide Web 907 $a.b14145637$b03-03-22$c05-09-13 912 $a991002256909707536 996 $aNonlinear transfer technique for renorming$9230324 997 $aUNISALENTO 998 $ale013$b05-09-13$cm$d@ $e-$feng$gde $h2$i0 LEADER 01744nam 2200541 450 001 9910797411603321 005 20230803041354.0 010 $a1-4674-3764-6 035 $a(CKB)3710000000470739 035 $a(SSID)ssj0001544034 035 $a(PQKBManifestationID)16134035 035 $a(PQKBTitleCode)TC0001544034 035 $a(PQKBWorkID)14097171 035 $a(PQKB)10835004 035 $a(MiAaPQ)EBC4859284 035 $a(Au-PeEL)EBL4859284 035 $a(CaPaEBR)ebr11388383 035 $a(OCoLC)988870094 035 $a(EXLCZ)993710000000470739 100 $a20170616h20132013 uy 0 101 0 $aeng 135 $aurcnu|||||||| 181 $ctxt 182 $cc 183 $acr 200 10$aBringing the Word to life $eengaging the New Testament through performing it /$fRichard F. Ward & David J. Trobisch 210 1$aGrand Rapids, Michigan ;$aCambridge, England :$cWilliam B. Eerdmans Publishing Company,$d2013. 210 4$d©2013 215 $a1 online resource (82 pages) 300 $aBibliographic Level Mode of Issuance: Monograph 311 $a0-8028-6885-1 320 $aIncludes bibliographical references. 606 $aOral tradition$xReligious aspects$xHistory 606 $aOral reading 606 $aStorytelling$xReligious aspects$xChristianity 615 0$aOral tradition$xReligious aspects$xHistory. 615 0$aOral reading. 615 0$aStorytelling$xReligious aspects$xChristianity. 676 $a225.6 700 $aWard$b Richard F.$01491117 702 $aTrobisch$b David 801 0$bMiAaPQ 801 1$bMiAaPQ 801 2$bMiAaPQ 906 $aBOOK 912 $a9910797411603321 996 $aBringing the Word to life$93712726 997 $aUNINA